| 000 | 00682nam a2200217 i 4500 | ||
|---|---|---|---|
| 001 | 64234 | ||
| 003 | ES-MaACL | ||
| 005 | 20250801094942.0 | ||
| 007 | t| | ||
| 008 | 031222s1944 sp ||||1| spa d | ||
| 245 | 0 | 0 |
_aFlores del Ática o Páginas escogidas de literatura griega : _bpara 1º y 2º curso / _cpor J. Carasa y J. Marturet. |
| 246 | 3 | _aPáginas escogidas de literatura griega | |
| 250 | _a2ª ed. | ||
| 260 |
_aBarcelona : _bEugenio Subirana, _c1944. |
||
| 300 |
_a175 p. ; _c22 cm. |
||
| 650 | 7 |
_aLiteratura griega _2embne _914597 |
|
| 700 | 1 |
_aCarasa, José. _934966 |
|
| 700 | 1 |
_aMarturet, J. _978559 |
|
| 852 |
_aES-MaACL _jB-10259 |
||
| 999 |
_c64234 _d64234 |
||